000 01154nam0a22002891 4500
001 rc\3025159
005 20250806201507.0
035 _a(NLR Aleph) 007166622
090 _a24620
_c24620
100 _a20110929d1942 u y0rusy50 ca
101 0 _arus
102 _aRU
105 _aa z |||||
200 1 _aЭкономия жидкого топлива на лесозаготовках
_fВсесоюз. науч. инженер.-техн. о-во лесной пром-сти и лесного хоз-ва ВНИТОЛЕС
210 _aМосква
_cГослестехиздат
_d1942
215 _a19 с.
_cил.
_d21 см
300 _aНа обороте тит. л. сост.: инженеры В.Д. Осипов и Н.С. Соловьев
300 _aСкопировано множит. аппаратом
700 1 _aОсипов
_bВ.Д.
_gВиктор Дмитриевич
701 1 _aСоловьев
_bН.С.
801 0 _aRU
_bNLR
_gpsbo
801 1 _aRU
_bELAR
_2rusmarc
852 _aNLR
_j72-4/18140
942 _cBOOK
945 _aРоссийская национальная библиотека
980 _aNB
980 _aBV